The land market assessment : a new tool for urban management
| Main Author: | |
|---|---|
| Format: | Book |
| Published: |
Washington :
The World Bank ,
1995
|
| Subjects: |
MARC
| LEADER | 00000cam a2200000 7i4500 | ||
|---|---|---|---|
| 001 | 0000003540 | ||
| 005 | 20060818.0 | ||
| 020 | |a 0821327038 | ||
| 040 | |a INS | ||
| 090 | 0 | 0 | |a HD1131. |b D693 1995 |
| 100 | 1 | |a Dowall, David E. | |
| 245 | 1 | 4 | |a The land market assessment : |b a new tool for urban management |c by David E. Dowall |
| 260 | |a Washington : |b The World Bank , |c 1995 | ||
| 300 | |a 68p. | ||
| 650 | 0 | 0 | |a City planning |x developing countries |
| 650 | 0 | 0 | |a Land use urban |x developing countries management |
| 999 | |a 0000006866 |b BOOK |c Open Shelf |e Default branch | ||